[Event "Werner-Ott-Open Kreuzberger Sommer 2016"]
[Site "Berlin"]
[Date "2016.07.16"]
[Round "1.1"]
[White "Kalinitschew, Sergey"]
[Black "Grassi, Fabrizio"]
[Result "1-0"]
[WhiteElo "2394"]
[BlackElo "1861"]
[PlyCount "97"]
[EventDate "2016.07.??"]
[EventType "swiss"]
[EventRounds "9"]
[EventCountry "GER"]
[Source "SC Kreuzberg/AL"]
[SourceDate "2016.07.24"]
[WhiteTeam "SC Kreuzberg"]
[BlackTeam "SV Berlin-Friedrichstadt"]
[WhiteTeamCountry "GER"]
[BlackTeamCountry "GER"]

1. Nf3 Nf6 2. c4 e6 3. Nc3 d5 4. d4 Nbd7 5. cxd5 exd5 6. Bg5 c6 7. e3 Be7 8.
Qc2 Nh5 9. Bxe7 Qxe7 10. O-O-O Nb6 11. Ne5 Nf6 12. Bd3 Be6 13. f4 Ng4 14. Rhe1
Nxe5 15. dxe5 O-O-O 16. Kb1 Kb8 17. e4 d4 18. Na4 Nxa4 19. Qxa4 c5 20. Rc1 Rc8
21. Re2 Rc7 22. Rec2 Rhc8 23. Qa3 Ka8 24. Bb5 g6 25. g3 Kb8 26. h4 h5 27. Bd3
Ka8 28. b3 Kb8 29. Qa5 Ka8 30. Qd2 Qd7 31. Qf2 Qe7 32. f5 gxf5 33. exf5 Bd5 34.
Qf4 a6 35. Ka1 Rc6 36. Be2 Rh8 37. e6 fxe6 38. f6 Qf7 39. Rxc5 Rf8 40. Rxc6
Bxc6 41. Rf1 Rd8 42. Qg5 Rh8 43. Qg7 Qf8 44. Qxf8+ Rxf8 45. Bxh5 e5 46. g4 e4
47. g5 d3 48. g6 Bd5 49. g7 1-0

[Event "Werner-Ott-Open Kreuzberger Sommer 2016"]
[Site "Berlin"]
[Date "2016.07.16"]
[Round "1.2"]
[White "Roho, Kevin"]
[Black "Rietze, Clemens"]
[Result "0-1"]
[WhiteElo "1857"]
[BlackElo "2359"]
[PlyCount "64"]
[EventDate "2016.07.??"]
[EventType "swiss"]
[EventRounds "9"]
[EventCountry "GER"]
[Source "SC Kreuzberg/AL"]
[SourceDate "2016.07.24"]
[WhiteTeam "SC Weisse Dame"]
[BlackTeam "SC Rotation Pankow"]
[WhiteTeamCountry "GER"]
[BlackTeamCountry "GER"]

1. e4 c5 2. c3 Nf6 3. e5 Nd5 4. d4 cxd4 5. Nf3 e6 6. cxd4 Nc6 7. Bc4 d6 8. O-O
Be7 9. Nc3 Nxc3 10. bxc3 dxe5 11. dxe5 Qc7 12. Qe2 b6 13. Bb2 Bb7 14. Rfe1 O-O
15. Rad1 Rfd8 16. Bb3 Na5 17. Nd4 Rac8 18. Nxe6 fxe6 19. Bxe6+ Kh8 20. Bxc8
Rxc8 21. Qg4 Qc6 22. e6 Nc4 23. Bc1 Qc5 24. Be3 Nxe3 25. Rxe3 Bc6 26. Qd4 Qf5
27. Qe5 Qg4 28. f3 Qg6 29. Red3 h6 30. Rd7 Bc5+ 31. Kh1 Bxd7 32. exd7 Rd8 0-1

[Event "Werner-Ott-Open Kreuzberger Sommer 2016"]
[Site "Berlin"]
[Date "2016.07.16"]
[Round "1.3"]
[White "Von Herman, Ulf"]
[Black "Scholta, Danilo"]
[Result "1-0"]
[WhiteElo "2341"]
[BlackElo "1825"]
[PlyCount "55"]
[EventDate "2016.07.??"]
[EventType "swiss"]
[EventRounds "9"]
[EventCountry "GER"]
[Source "SC Kreuzberg/AL"]
[SourceDate "2016.07.24"]
[WhiteTeam "SK Koenig Tegel 1949"]
[BlackTeam "SV Empor Berlin"]
[WhiteTeamCountry "GER"]
[BlackTeamCountry "GER"]

1. c4 e6 2. g3 d5 3. Bg2 c6 4. Nf3 f5 5. O-O Nf6 6. d3 Bc5 7. Nbd2 O-O 8. Qc2
Nbd7 9. e4 Qb6 10. exf5 Ng4 11. Nb3 Rxf5 12. d4 Be7 13. h3 Nh6 14. Qe2 Nf8 15.
g4 Rxf3 16. Bxf3 Ng6 17. Bh1 Bd7 18. Be3 Rf8 19. Rac1 Nf4 20. Bxf4 Rxf4 21.
cxd5 cxd5 22. Nc5 Bxc5 23. dxc5 Qc7 24. Rfe1 Nf7 25. Rc3 d4 26. Rg3 Qxc5 27.
Bxb7 Bb5 28. Qxe6 1-0

[Event "Werner-Ott-Open Kreuzberger Sommer 2016"]
[Site "Berlin"]
[Date "2016.07.16"]
[Round "1.4"]
[White "Karlsson, Kjell"]
[Black "Rosmann, Ilja"]
[Result "0-1"]
[WhiteElo "1822"]
[BlackElo "2288"]
[PlyCount "52"]
[EventDate "2016.07.??"]
[EventType "swiss"]
[EventRounds "9"]
[EventCountry "GER"]
[Source "SC Kreuzberg/AL"]
[SourceDate "2016.07.24"]
[WhiteTeam "Solna Schacksaellskap"]
[BlackTeam "Koenigsspringer SC"]
[WhiteTeamCountry "SWE"]
[BlackTeamCountry "GER"]

1. e4 e6 2. d4 d5 3. Nd2 dxe4 4. Nxe4 Be7 5. Nf3 Nd7 6. Bd3 Ngf6 7. Nxf6+ Bxf6
8. O-O O-O 9. Re1 c5 10. c3 Qb6 11. Bc2 g6 12. Bb3 cxd4 13. cxd4 Rd8 14. Bg5
Bxg5 15. Nxg5 Nf6 16. Qf3 Kg7 17. Rad1 Rxd4 18. Rxd4 Qxd4 19. Rd1 Qe5 20. h4 h6
21. Nh3 a5 22. Qc3 Qxc3 23. bxc3 Bd7 24. f3 Rc8 25. Rd3 a4 26. Bd1 Nd5 0-1

[Event "Werner-Ott-Open Kreuzberger Sommer 2016"]
[Site "Berlin"]
[Date "2016.07.16"]
[Round "1.5"]
[White "Johansson, Thomas"]
[Black "Acikel, Mert"]
[Result "1-0"]
[WhiteElo "2222"]
[BlackElo "1819"]
[PlyCount "55"]
[EventDate "2016.07.??"]
[EventType "swiss"]
[EventRounds "9"]
[EventCountry "GER"]
[Source "SC Kreuzberg/AL"]
[SourceDate "2016.07.24"]
[WhiteTeam "Uppsala ASS"]
[BlackTeam "SV Mattnetz Berlin"]
[WhiteTeamCountry "SWE"]
[BlackTeamCountry "GER"]

1. c4 e6 2. d4 d5 3. Nc3 Nf6 4. Nf3 Be7 5. Bf4 c5 6. dxc5 Bxc5 7. e3 O-O 8. Qc2
Nc6 9. a3 Qe7 10. Rd1 Rd8 11. Bg5 d4 12. Ne4 dxe3 13. Rxd8+ Nxd8 14. fxe3 e5
15. b4 Bb6 16. c5 Bc7 17. Bd3 Ne6 18. Nxf6+ gxf6 19. Bxh7+ Kg7 20. Bh4 Ng5 21.
Nxg5 fxg5 22. Bg3 Qf6 23. Be4 a5 24. b5 Bg4 25. b6 Bxb6 26. cxb6 Rd8 27. Rf1
Qd6 28. Bf5 1-0

[Event "Werner-Ott-Open Kreuzberger Sommer 2016"]
[Site "Berlin"]
[Date "2016.07.16"]
[Round "1.6"]
[White "Rauscher, Joachim"]
[Black "Postler, Reinhard"]
[Result "0-1"]
[WhiteElo "1817"]
[BlackElo "2218"]
[PlyCount "84"]
[EventDate "2016.07.??"]
[EventType "swiss"]
[EventRounds "9"]
[EventCountry "GER"]
[Source "SC Kreuzberg/AL"]
[SourceDate "2016.07.24"]
[WhiteTeam "SC Brett vorm Kopp"]
[BlackTeam "TSG Oberschoeneweide"]
[WhiteTeamCountry "GER"]
[BlackTeamCountry "GER"]

1. e4 c5 2. Nf3 e6 3. d4 cxd4 4. Nxd4 Nf6 5. Bd3 Nc6 6. Nxc6 dxc6 7. O-O e5 8.
Qe2 Be6 9. f3 Be7 10. Kh1 O-O 11. Nd2 Nd7 12. Bc4 Bxc4 13. Nxc4 b5 14. Ne3 g6
15. Ng4 h5 16. Nf2 Nc5 17. Be3 Ne6 18. Nd3 Qc7 19. f4 exf4 20. Nxf4 Qe5 21.
Nxe6 Qxe6 22. Bh6 Rfe8 23. Qf3 Bd6 24. Rad1 Be5 25. b3 Rad8 26. Rd2 Rxd2 27.
Bxd2 Re7 28. Bg5 Re8 29. Qf2 a6 30. Qb6 Qd7 31. Qf2 Re6 32. Qf3 Bc7 33. Bf4
Bxf4 34. Qxf4 Qe7 35. Re1 Re5 36. h3 Kg7 37. g4 hxg4 38. hxg4 Qh4+ 39. Kg2 Rg5
40. Kf3 Rc5 41. Qd2 Qh3+ 42. Kf2 Rxc2 0-1

[Event "Werner-Ott-Open Kreuzberger Sommer 2016"]
[Site "Berlin"]
[Date "2016.07.16"]
[Round "1.7"]
[White "Niehaus, Frank"]
[Black "Hecht, Uwe"]
[Result "1-0"]
[WhiteElo "2214"]
[BlackElo "1814"]
[PlyCount "65"]
[EventDate "2016.07.??"]
[EventType "swiss"]
[EventRounds "9"]
[EventCountry "GER"]
[Source "SC Kreuzberg/AL"]
[SourceDate "2016.07.24"]
[WhiteTeam "SK Koenig Tegel 1949"]
[BlackTeam "SC Kreuzberg"]
[WhiteTeamCountry "GER"]
[BlackTeamCountry "GER"]

1. e4 d6 2. d4 Nf6 3. Nc3 g6 4. f4 Bg7 5. Nf3 c5 6. Bb5+ Bd7 7. e5 Ng4 8. Bxd7+
Nxd7 9. e6 Ndf6 10. exf7+ Kxf7 11. Ng5+ Kg8 12. d5 Qd7 13. Ne6 Nh6 14. O-O b5
15. Qf3 Rc8 16. Be3 b4 17. Ne2 Nf5 18. Bf2 h5 19. a3 b3 20. Qxb3 c4 21. Qf3 Qb7
22. N2d4 Nxd4 23. Bxd4 Bh6 24. Rad1 Kh7 25. Ng5+ Kg7 26. Rfe1 Rhe8 27. Ne4 Rf8
28. Kh1 Kh7 29. Bxf6 exf6 30. Nxd6 Qxb2 31. Nxc8 Rxc8 32. Qe4 Qxa3 33. d6 1-0

[Event "Werner-Ott-Open Kreuzberger Sommer 2016"]
[Site "Berlin"]
[Date "2016.07.16"]
[Round "1.8"]
[White "Baumeister, Wolfgang"]
[Black "Krefenstein, Sergej"]
[Result "0-1"]
[WhiteElo "1810"]
[BlackElo "2202"]
[PlyCount "55"]
[EventDate "2016.07.??"]
[EventType "swiss"]
[EventRounds "9"]
[EventCountry "GER"]
[Source "SC Kreuzberg/AL"]
[SourceDate "2016.07.24"]
[WhiteTeam "SC Kreuzberg"]
[BlackTeam "TuS Makkabi Berlin"]
[WhiteTeamCountry "GER"]
[BlackTeamCountry "GER"]

1. e4 d6 2. d4 Nf6 3. Nc3 g6 4. Be3 Bg7 5. f3 Nbd7 6. g4 h6 7. h4 c5 8. Nge2
cxd4 9. Bxd4 Qa5 10. Qd2 Ne5 11. Ng1 a6 12. O-O-O Be6 13. Qf2 Nfd7 14. Kb1 O-O
15. Nge2 b5 16. Nd5 Bxd5 17. exd5 b4 18. Nf4 Nc5 19. b3 Rfc8 20. Rg1 Qc7 21.
Nh5 Bh8 22. f4 Ne4 23. Qg2 Nc3+ 24. Bxc3 Qxc3 25. fxe5 Bxe5 26. Kc1 Qb2+ 27.
Kd2 Rxc2+ 28. Ke1 0-1

[Event "Werner-Ott-Open Kreuzberger Sommer 2016"]
[Site "Berlin"]
[Date "2016.07.16"]
[Round "1.9"]
[White "Kohler, Thomas"]
[Black "Schneider, Eckehard"]
[Result "1-0"]
[WhiteElo "2194"]
[BlackElo "1807"]
[PlyCount "23"]
[EventDate "2016.07.??"]
[EventType "swiss"]
[EventRounds "9"]
[EventCountry "GER"]
[Source "SC Kreuzberg/AL"]
[SourceDate "2016.07.24"]
[WhiteTeam "SC Zitadelle Spandau"]
[BlackTeam "SF Berlin 1903"]
[WhiteTeamCountry "GER"]
[BlackTeamCountry "GER"]

1. Nf3 Nf6 2. c4 g6 3. Nc3 Bg7 4. e4 d6 5. d4 O-O 6. Be2 e5 7. Be3 Ng4 8. Bg5
Qe8 9. O-O h6 10. Bc1 exd4 11. Nd5 c6 12. Nc7 1-0

[Event "Werner-Ott-Open Kreuzberger Sommer 2016"]
[Site "Berlin"]
[Date "2016.07.16"]
[Round "1.10"]
[White "Uckar, Klaudijo"]
[Black "Johansson, Gunnar"]
[Result "0-1"]
[WhiteElo "1796"]
[BlackElo "2188"]
[PlyCount "39"]
[EventDate "2016.07.??"]
[EventType "swiss"]
[EventRounds "9"]
[EventCountry "GER"]
[Source "SC Kreuzberg/AL"]
[SourceDate "2016.07.24"]
[WhiteTeam "SC Kreuzberg"]
[BlackTeam "Solna Schacksaellskap"]
[WhiteTeamCountry "GER"]
[BlackTeamCountry "SWE"]

1. e4 c5 2. Nf3 e6 3. Be2 Nc6 4. O-O a6 5. c4 Nf6 6. d3 d6 7. Nc3 Be7 8. h3 O-O
9. Be3 b6 10. Qd2 Bb7 11. Nh2 d5 12. Bg5 dxe4 13. Bxf6 Bxf6 14. Nxe4 Nd4 15.
Rad1 Qe7 16. Nxf6+ Qxf6 17. Ng4 Qg6 18. Ne3 Bf3 19. Rfe1 Bxe2 20. Rxe2 0-1

[Event "Werner-Ott-Open Kreuzberger Sommer 2016"]
[Site "Berlin"]
[Date "2016.07.16"]
[Round "1.11"]
[White "Boettcher, Patrick"]
[Black "Sidabras, Ignas"]
[Result "1-0"]
[WhiteElo "2169"]
[BlackElo "1796"]
[PlyCount "125"]
[EventDate "2016.07.??"]
[EventType "swiss"]
[EventRounds "9"]
[EventCountry "GER"]
[Source "SC Kreuzberg/AL"]
[SourceDate "2016.07.24"]
[WhiteTeam "SC Zitadelle Spandau"]
[BlackTeam "SC Kreuzberg"]
[WhiteTeamCountry "GER"]
[BlackTeamCountry "GER"]

1. d4 f5 2. g3 Nf6 3. Bg2 g6 4. Nf3 Bg7 5. O-O O-O 6. c4 d6 7. Nc3 Na6 8. Re1
Qe8 9. b3 c6 10. e4 fxe4 11. Nxe4 Nxe4 12. Rxe4 Bf5 13. Re1 Nb4 14. Nh4 Qd7 15.
Nxf5 Qxf5 16. Re2 Nd3 17. Be3 Nb4 18. Qd2 Na6 19. Rd1 Nc7 20. h3 Rae8 21. d5 c5
22. Bh6 Bxh6 23. Qxh6 a5 24. Rde1 Qf6 25. Qd2 b6 26. h4 Kh8 27. Bh3 Rf7 28. Re4
Ref8 29. R1e2 Qa1+ 30. Kg2 Qf6 31. Qe1 Re8 32. Kg1 h6 33. Bd7 Rd8 34. Bc6 Rdf8
35. Rxe7 Rxe7 36. Rxe7 Rf7 37. Re4 g5 38. Qe3 Rg7 39. h5 Rf7 40. Be8 Rg7 41.
Kg2 Kh7 42. Bg6+ Kh8 43. Qf3 Qxf3+ 44. Kxf3 Kg8 45. Kg4 Kf8 46. f4 gxf4 47.
Kxf4 Re7 48. Rxe7 Kxe7 49. Kf5 b5 50. g4 bxc4 51. bxc4 a4 52. a3 Na6 53. g5
hxg5 54. Kxg5 Kf8 55. Kf6 Nc7 56. h6 Kg8 57. Ke7 Na6 58. Kxd6 Nb8 59. Kxc5 Nd7+
60. Kd6 Nb6 61. Bd3 Nc8+ 62. Kc7 Ne7 63. d6 1-0

[Event "Werner-Ott-Open Kreuzberger Sommer 2016"]
[Site "Berlin"]
[Date "2016.07.16"]
[Round "1.12"]
[White "Ruether, Marc"]
[Black "Ferster, Fabian"]
[Result "0-1"]
[WhiteElo "1793"]
[BlackElo "2170"]
[PlyCount "194"]
[EventDate "2016.07.??"]
[EventType "swiss"]
[EventRounds "9"]
[EventCountry "GER"]
[Source "SC Kreuzberg/AL"]
[SourceDate "2016.07.24"]
[WhiteTeam "Queer-Springer SSV Berlin"]
[BlackTeam "SK Ottenau"]
[WhiteTeamCountry "GER"]
[BlackTeamCountry "GER"]

1. e4 e6 2. d4 d5 3. Nd2 Nc6 4. c3 e5 5. exd5 Qxd5 6. Ngf3 exd4 7. Bc4 Qh5 8.
O-O Bg4 9. Qb3 Na5 10. Bxf7+ Qxf7 11. Qxf7+ Kxf7 12. Ne5+ Ke6 13. Nxg4 Nc6 14.
Ne4 Kf5 15. f3 h5 16. Ngf2 Nf6 17. Nxf6 gxf6 18. Ne4 dxc3 19. bxc3 Rd8 20. Be3
Rd3 21. Kf2 Be7 22. Rfd1 Ne5 23. Rxd3 Nxd3+ 24. Ke2 Nf4+ 25. Bxf4 Kxf4 26. Rb1
b6 27. Rd1 Rd8 28. Rxd8 {(=)} Bxd8 29. g3+ Ke5 30. Kd3 b5 31. h3 Be7 32. f4+
Kd5 33. g4 hxg4 34. hxg4 c5 35. g5 f5 36. Ng3 c4+ 37. Kc2 Ke6 38. Nh5 Kf7 39.
Ng3 Bd6 40. Nxf5 Bxf4 41. Nd4 a6 42. Nf3 Kg6 43. Kb2 Bxg5 44. a4 Bf6 45. axb5
axb5 46. Kc2 Kf5 47. Nd2 Kf4 48. Nb1 Be7 49. Nd2 Bd6 50. Nb1 Ke4 51. Nd2+ Kd5
52. Nb1 Bf4 53. Na3 Kc5 54. Nb1 Kb6 55. Na3 Ka5 56. Nb1 Ka4 57. Kb2 Bg5 58. Kc2
Bf6 59. Nd2 Ka3 60. Ne4 Be5 61. Nd2 Bf4 62. Ne4 Ka4 63. Nc5+ Ka5 64. Ne4 Kb6
65. Nf2 Kc6 66. Ne4 Kd5 67. Nf6+ Ke5 68. Nd7+ Ke6 69. Nc5+ Kd5 70. Nd7 Be5 71.
Nb6+ Kc6 72. Nc8 Bf6 73. Na7+ Kc5 74. Nc8 Bg5 75. Kb1 Bh6 76. Ne7 Bg5 77. Nf5
Kd5 78. Kc2 Bf4 79. Nh4 Ke4 80. Ng6 Bd6 81. Nh4 Kf4 82. Ng2+ Kf3 83. Nh4+ Kg4
84. Ng2 Bf4 85. Kd1 Kg3 86. Ne1 Bd6 87. Nc2 Bc5 88. Ke2 Kf4 89. Ke1 Kf3 90. Kd2
Ke4 91. Ke2 Be7 92. Nd4 b4 93. Nc6 b3 94. Kd1 Bg5 95. Nd4 Kd3 96. Ne2 b2 97.
Nf4+ Bxf4 0-1

[Event "Werner-Ott-Open Kreuzberger Sommer 2016"]
[Site "Berlin"]
[Date "2016.07.16"]
[Round "1.13"]
[White "Gebigke, Martin"]
[Black "Jansen, Robert"]
[Result "1-0"]
[WhiteElo "2141"]
[BlackElo "1792"]
[PlyCount "71"]
[EventDate "2016.07.??"]
[EventType "swiss"]
[EventRounds "9"]
[EventCountry "GER"]
[Source "SC Kreuzberg/AL"]
[SourceDate "2016.07.24"]
[WhiteTeam "SC Kreuzberg"]
[BlackTeam "SC Kreuzberg"]
[WhiteTeamCountry "GER"]
[BlackTeamCountry "GER"]

1. d4 d5 2. c4 e6 3. Nf3 c6 4. g3 Bd6 5. Bg2 Ne7 6. Nbd2 O-O 7. O-O Ng6 8. e4
dxe4 9. Nxe4 Bc7 10. h4 f5 11. Nc3 h6 12. h5 Ne7 13. Re1 Qe8 14. Nh4 f4 15. g4
Na6 16. Be4 Qd7 17. Bf3 c5 18. d5 e5 19. Ne4 Bd6 20. Nxd6 Qxd6 21. Qe2 Qd8 22.
Qxe5 Nc6 23. dxc6 Qxh4 24. cxb7 Bxb7 25. Bxb7 Qxg4+ 26. Kf1 Rae8 27. Qd5+ Kh8
28. Rxe8 Rxe8 29. Qf3 Qe6 30. Bd2 Qxc4+ 31. Kg2 Nb4 32. Re1 Rxe1 33. Bxe1 Nd3
34. Bc3 Nc1 35. Bd5 Qa4 36. Qg4 1-0

[Event "Werner-Ott-Open Kreuzberger Sommer 2016"]
[Site "Berlin"]
[Date "2016.07.16"]
[Round "1.14"]
[White "Huettmann, Jens"]
[Black "Federau, Juergen"]
[Result "1-0"]
[WhiteElo "1786"]
[BlackElo "2115"]
[PlyCount "83"]
[EventDate "2016.07.??"]
[EventType "swiss"]
[EventRounds "9"]
[EventCountry "GER"]
[Source "SC Kreuzberg/AL"]
[SourceDate "2016.07.24"]
[WhiteTeam "Hamburger SK"]
[BlackTeam "SC Kreuzberg"]
[WhiteTeamCountry "GER"]
[BlackTeamCountry "GER"]

1. d4 Nf6 2. c4 e6 3. Nc3 Bb4 4. Bd2 O-O 5. g3 d5 6. cxd5 exd5 7. Bg2 c6 8. Nf3
Re8 9. O-O Nbd7 10. e3 Nb6 11. a3 Bd6 12. Na4 Nxa4 13. Qxa4 Qe7 14. b4 a6 15.
Qb3 Ne4 16. Rfc1 Bg4 17. Be1 Rad8 18. a4 Bd7 19. Bf1 b5 20. axb5 axb5 21. Ra7
Bb8 22. Rb7 Nd6 23. Rb6 Nc4 24. Ra6 Qf6 25. Bg2 Re6 26. Nd2 Qf5 27. Nf3 Qh5 28.
Qd3 Rde8 29. Bd2 Rf6 30. Ne1 Bf5 31. Qc3 Qe2 32. Nf3 Be4 33. Re1 Qd3 34. Qxd3
Bxd3 35. Bc3 Bf5 36. Nh4 Bd7 37. e4 dxe4 38. Rxe4 Rxe4 39. Bxe4 Re6 40. Bf5 Re7
41. Ra8 Re8 42. Bxd7 1-0

[Event "Werner-Ott-Open Kreuzberger Sommer 2016"]
[Site "Berlin"]
[Date "2016.07.16"]
[Round "1.15"]
[White "Hannebauer, Torsten"]
[Black "Sulayev, Daniel"]
[Result "0-1"]
[WhiteElo "2114"]
[BlackElo "1780"]
[PlyCount "76"]
[EventDate "2016.07.??"]
[EventType "swiss"]
[EventRounds "9"]
[EventCountry "GER"]
[Source "SC Kreuzberg/AL"]
[SourceDate "2016.07.24"]
[WhiteTeam "TSG Oberschoeneweide"]
[BlackTeam "Schachpinguine Berlin"]
[WhiteTeamCountry "GER"]
[BlackTeamCountry "GER"]

1. e4 c5 2. Nc3 Nc6 3. Bb5 e6 4. f4 Nge7 5. Nf3 a6 6. Bxc6 Nxc6 7. O-O Be7 8.
d3 d6 9. Be3 b5 10. a3 O-O 11. Qe1 d5 12. Ne2 dxe4 13. dxe4 Bb7 14. Qf2 Nd4 15.
Ng3 Nxf3+ 16. gxf3 Qc7 17. Kg2 Rfd8 18. Rad1 f6 19. f5 e5 20. h4 Rd6 21. Kh2
Rad8 22. Rxd6 Qxd6 {(=)} 23. Rg1 Bf8 24. Nh5 Rd7 25. Rg2 Kh8 26. Qg1 Qd1 27.
Bxc5 Qxf3 28. Ng3 Rd1 29. Bxf8 Rxg1 30. Kxg1 Kg8 31. Bxg7 Kxg7 32. Nh5+ Kf8 33.
Nxf6 Bxe4 34. Nxh7+ Ke7 35. f6+ Kd6 36. Rd2+ Kc7 37. Ng5 Qh1+ 38. Kf2 Qxh4+ 0-1

[Event "Werner-Ott-Open Kreuzberger Sommer 2016"]
[Site "Berlin"]
[Date "2016.07.16"]
[Round "1.16"]
[White "Huebscher, Joachim"]
[Black "Bjarnehag, Peter"]
[Result "0-1"]
[WhiteElo "1776"]
[BlackElo "2111"]
[PlyCount "56"]
[EventDate "2016.07.??"]
[EventType "swiss"]
[EventRounds "9"]
[EventCountry "GER"]
[Source "SC Kreuzberg/AL"]
[SourceDate "2016.07.24"]
[WhiteTeam "SC Kreuzberg"]
[BlackTeam "Solna Schacksaellskap"]
[WhiteTeamCountry "GER"]
[BlackTeamCountry "SWE"]

1. e4 c5 2. d3 Nc6 3. c3 d5 4. Qe2 g6 5. f4 Bg7 6. Nf3 dxe4 7. dxe4 e5 8. g3
Qe7 9. Bg2 Nf6 10. fxe5 Ng4 11. Bg5 Qc7 12. O-O O-O 13. Nbd2 Ngxe5 14. Bf4 b6
15. Nxe5 Nxe5 16. Nf3 Bb7 17. Rad1 Rad8 18. Kh1 Rfe8 19. Qc2 Rxd1 20. Rxd1 Qe7
21. Re1 Nxf3 22. Bxf3 f5 23. Bg2 Bxe4 24. Bxe4 fxe4 25. Qb3+ Qf7 26. c4 Bd4 27.
Qc2 Qf6 28. Rxe4 Qc6 0-1

[Event "Werner-Ott-Open Kreuzberger Sommer 2016"]
[Site "Berlin"]
[Date "2016.07.16"]
[Round "1.17"]
[White "Roseneck, Jonas"]
[Black "Rausch, Erik"]
[Result "1-0"]
[WhiteElo "2107"]
[BlackElo "1774"]
[PlyCount "51"]
[EventDate "2016.07.??"]
[EventType "swiss"]
[EventRounds "9"]
[EventCountry "GER"]
[Source "SC Kreuzberg/AL"]
[SourceDate "2016.07.24"]
[WhiteTeam "Aufbau Elbe Magdeburg"]
[BlackTeam "SC Kreuzberg"]
[WhiteTeamCountry "GER"]
[BlackTeamCountry "GER"]

1. e4 c5 2. Nf3 Nc6 3. d4 cxd4 4. Nxd4 e6 5. Nc3 Qc7 6. Be3 a6 7. Bd3 Bb4 8.
O-O Ne5 9. f4 Nxd3 10. cxd3 b5 11. Qg4 g6 12. Rac1 Qd8 13. f5 Be7 14. fxg6 hxg6
15. Qf3 Rh7 16. e5 Rb8 17. Ne4 Bb7 18. Rc2 Bxe4 19. Qxe4 Bg5 20. Nf3 Bxe3+ 21.
Qxe3 Ne7 22. Ng5 Rg7 23. Qh3 Kf8 24. Qh8+ Ng8 25. Nh7+ Rxh7 26. Qxh7 1-0

[Event "Werner-Ott-Open Kreuzberger Sommer 2016"]
[Site "Berlin"]
[Date "2016.07.16"]
[Round "1.18"]
[White "Lange, Cecilia"]
[Black "Zahn, Benno"]
[Result "0-1"]
[WhiteElo "1771"]
[BlackElo "2105"]
[PlyCount "60"]
[EventDate "2016.07.??"]
[EventType "swiss"]
[EventRounds "9"]
[EventCountry "GER"]
[Source "SC Kreuzberg/AL"]
[SourceDate "2016.07.24"]
[WhiteTeam "TSG Oberschoeneweide"]
[BlackTeam "SV Hellas Nauen"]
[WhiteTeamCountry "GER"]
[BlackTeamCountry "GER"]

1. e4 c5 2. Nf3 e6 3. d4 cxd4 4. Nxd4 Nc6 5. Nc3 Qc7 6. Be2 a6 7. Be3 Nf6 8.
O-O Bb4 9. f3 O-O 10. Qe1 b5 11. Kh1 Bb7 12. a3 Be7 13. Rd1 Rac8 14. f4 Nxd4
15. Bxd4 Nxe4 16. Bd3 Nf6 17. Qh4 h6 18. Rde1 d6 19. Re3 Ne4 20. Qg4 e5 21.
fxe5 dxe5 22. Bxe5 Qxe5 23. Bxe4 f5 24. Qe2 fxe4 25. Re1 Bc5 26. Rh3 Rf2 27.
Qd1 Rcf8 28. Rg3 Qf6 29. Ne2 Rf1+ 30. Ng1 Bxg1 0-1

[Event "Werner-Ott-Open Kreuzberger Sommer 2016"]
[Site "Berlin"]
[Date "2016.07.16"]
[Round "1.19"]
[White "Hahlbohm, Matthias"]
[Black "Schmidt, Fabian"]
[Result "1-0"]
[WhiteElo "2103"]
[BlackElo "1762"]
[PlyCount "57"]
[EventDate "2016.07.??"]
[EventType "swiss"]
[EventRounds "9"]
[EventCountry "GER"]
[Source "SC Kreuzberg/AL"]
[SourceDate "2016.07.24"]
[WhiteTeam "TSG Oberschoeneweide"]
[BlackTeam "SV Koenigsjaeger Sued-West"]
[WhiteTeamCountry "GER"]
[BlackTeamCountry "GER"]

1. e4 c5 2. Nf3 d6 3. d4 cxd4 4. Nxd4 Nf6 5. Nc3 a6 6. Be2 e6 7. Be3 Be7 8. O-O
O-O 9. f4 Qc7 10. Qe1 b5 11. Bf3 Bb7 12. a3 Nbd7 13. Rd1 Rac8 14. f5 e5 15.
Nde2 Nb6 16. Kh1 Nc4 17. Bc1 Nd7 18. g4 Qb6 19. Ng3 Rfd8 20. g5 Qc7 21. f6 gxf6
22. Nf5 Bf8 23. gxf6 Nxf6 24. Bg5 Bg7 25. Qh4 Ne8 26. Nxg7 Nxg7 27. Bf6 Kh8 28.
Qh6 Rg8 29. Rg1 1-0

[Event "Werner-Ott-Open Kreuzberger Sommer 2016"]
[Site "Berlin"]
[Date "2016.07.16"]
[Round "1.20"]
[White "Poecheim, Stephan"]
[Black "Welz, Peter"]
[Result "1/2-1/2"]
[WhiteElo "1763"]
[BlackElo "2101"]
[PlyCount "151"]
[EventDate "2016.07.??"]
[EventType "swiss"]
[EventRounds "9"]
[EventCountry "GER"]
[Source "SC Kreuzberg/AL"]
[SourceDate "2016.07.24"]
[WhiteTeam "SF Berlin 1903"]
[BlackTeam "SV Empor Berlin"]
[WhiteTeamCountry "GER"]
[BlackTeamCountry "GER"]

1. Nf3 f5 2. d4 Nf6 3. Bg5 e6 4. e3 Be7 5. Be2 O-O 6. Nc3 d6 7. O-O Qe8 8. Nd2
e5 9. dxe5 dxe5 10. Bc4+ Kh8 11. Nf3 Nc6 12. a3 e4 13. Nd4 Nxd4 14. exd4 c6 15.
Qe2 Qg6 16. Bf4 Bd7 17. Rad1 Nh5 18. Be5 f4 19. g3 Bg4 20. Qxe4 Bxd1 21. Qxg6
hxg6 22. Rxd1 fxg3 23. hxg3 Bf6 24. Kg2 c5 25. Bxf6 gxf6 26. d5 f5 27. f3 a6
28. a4 Rad8 29. g4 fxg4 30. fxg4 Nf6 31. Kg3 Rde8 32. d6 g5 33. d7 Rd8 34. Be6
Kg7 35. Bf5 Rf7 36. Rh1 Kf8 37. Kf3 Ke7 38. Re1+ Kd6 39. Rd1+ Kc7 40. Nd5+ Nxd5
41. Rxd5 Kc6 42. Rd2 b5 43. axb5+ axb5 44. Kg3 Re7 45. Kf3 b4 46. b3 Rf7 47.
Ke4 Re7+ 48. Kf3 Re1 49. Re2 Rf1+ 50. Ke4 Rf4+ 51. Ke5 Rxd7 52. Bxd7+ Kxd7 53.
Rg2 Kc6 54. Ke6 c4 55. bxc4 Kc5 56. Ke5 Kxc4 57. Ke6 Kd4 58. Rg3 Rf2 59. Rd3+
Kc4 60. Rd8 Rxc2 61. Kf5 b3 62. Kxg5 Kb4 63. Rb8+ Ka3 64. Ra8+ Kb2 65. Rb8 Rc4
66. Kh5 Kc3 67. g5 Rb4 68. Rc8+ Kd2 69. Rd8+ Ke2 70. g6 b2 71. Re8+ Kf2 72.
Rf8+ Kg3 73. Rf1 b1=Q 74. Rxb1 Rxb1 75. g7 Rb8 76. Kh6 1/2-1/2

[Event "Werner-Ott-Open Kreuzberger Sommer 2016"]
[Site "Berlin"]
[Date "2016.07.17"]
[Round "2.1"]
[White "Richter, Goetz"]
[Black "Kalinitschew, Sergey"]
[Result "0-1"]
[WhiteElo "2013"]
[BlackElo "2394"]
[PlyCount "52"]
[EventDate "2016.07.??"]
[EventType "swiss"]
[EventRounds "9"]
[EventCountry "GER"]
[Source "SC Kreuzberg/AL"]
[SourceDate "2016.07.24"]
[WhiteTeam "Klub Koelner SF"]
[BlackTeam "SC Kreuzberg"]
[WhiteTeamCountry "GER"]
[BlackTeamCountry "GER"]

1. d4 Nf6 2. c4 c5 3. d5 b5 4. cxb5 a6 5. bxa6 d6 6. Nc3 Bxa6 7. e4 Bxf1 8.
Kxf1 g6 9. Nge2 Bg7 10. h3 O-O 11. Kg1 Na6 12. Kh2 Qb6 13. Rb1 e6 14. Nf4 Rfe8
15. dxe6 fxe6 16. Re1 Nd7 17. Na4 Qc6 18. b3 Bd4 19. Re2 Nf6 20. Qe1 Nc7 21.
Nd3 Qb5 22. Ndb2 d5 23. e5 Ne4 24. Rxe4 dxe4 25. Nc4 Rxa4 26. Nd6 Bxe5+ 0-1